书目信息 |
| 题名: |
夏日落
|
|
| 作者: | 阎连科 著 | |
| 分册: | ||
| 出版信息: | 沈阳 春风文艺出版社 2002.01 |
|
| 页数: | 190页 | |
| 开本: | 21cm | |
| 丛书名: | 红月亮丛书 | |
| 单 册: | ||
| 中图分类: | I247.57 | |
| 科图分类: | ||
| 主题词: | 长篇小说--中国--当代 | |
| 电子资源: | ||
| ISBN: | 7-5313-2421-0 | |
| 000 | 00718nam 2200241 450 | |
| 001 | 010217764145 | |
| 005 | 20051021100109.76 | |
| 010 | @a7-5313-2421-0@dCNY10.00 | |
| 100 | @a20051021d2002 km y0chiy0120 ea | |
| 101 | 0 | @achi |
| 102 | @aCN@b210000 | |
| 105 | @ay z 000ay | |
| 200 | 1 | @a夏日落@Axia ri luo@f阎连科著@Fyan lian ke zhu |
| 210 | @a沈阳@c春风文艺出版社@d2002.01 | |
| 215 | @a190页@d21cm | |
| 225 | 2 | @a红月亮丛书 |
| 330 | @a1羊年十一月初,步兵三边孕生一件通天大案:先是枪丢了一支,其后,兵又死了一个……。 | |
| 410 | 0 | @12001 @a红月亮丛书 |
| 606 | 0 | @a长篇小说@y中国@z当代 |
| 690 | @aI247.57@v4 | |
| 701 | 0 | @a阎连科@Ayan lian ke@4著 |
| 801 | 0 | @aCN@bQSSK@c20051021 |
| 905 | @a10447@dI247.57@eY092 | |
| 夏日落/阎连科著.-沈阳:春风文艺出版社,2002.01 |
| 190页;21cm.-(红月亮丛书) |
| ISBN 7-5313-2421-0:CNY10.00 |
| 1羊年十一月初,步兵三边孕生一件通天大案:先是枪丢了一支,其后,兵又死了一个……。 |
| ● |
| 相关链接 |
|
|
|
正题名:夏日落
索取号:I247.57/Y092
 
预约/预借
| 序号 | 登录号 | 条形码 | 馆藏地/架位号 | 状态 | 备注 |
| 1 | 575319 | 205753193 | 社科二线422/422社科库 1排1列4层/ [索取号:I247.57/Y092] | 在馆 | |
| 2 | 575320 | 205753200 | 社科二线422/422社科库 1排1列4层/ [索取号:I247.57/Y092] | 在馆 | |
| 3 | 575321 | 205753219 | 社科二线422/422社科库 1排1列4层/ [索取号:I247.57/Y092] | 在馆 |